000 00627nam a22001817a 4500
005 20250919131814.0
008 250918b |||||||| |||| 00| 0 eng d
020 _a9781774699485
082 _aDC 333.95 C361 2024
100 _aChandra, Ramesh.
_967724
245 _aBiodiversity basics :
_bcelebrating life's variety /
_cRamesh Chandra and Heerak Chugh.
260 _aCanada :
_bDelve Publishing,
_c©2024.
300 _axv, 204 pages :
_billustrations (some colors) ;
_c23 cm.
500 _aIncludes bibliography and index.
650 0 _aBiodiversity.
_967895
700 _aChugh, Heerak.
_967725
_eauthor.
942 _2ddc
_cDC
999 _c23829
_d23829